Načítá se...
All India debt & investment survey 1971-'72 statistical tables Orissa
| Korporativní autor: | |
|---|---|
| Médium: | Printed Book |
| Jazyk: | English |
| Vydáno: |
Reserve bank of India
1971
|
| LEADER | 00445nam a22001217a 4500 | ||
|---|---|---|---|
| 005 | 20151215125555.0 | ||
| 008 | 100102t xxu||||| |||| 00| 0 eng d | ||
| 110 | |a Reserve bank of India |9 1585 | ||
| 245 | |a All India debt & investment survey 1971-'72 |b statistical tables Orissa | ||
| 260 | |b Reserve bank of India |c 1971 | ||
| 942 | |c BB |6 _ | ||
| 999 | |c 106887 |d 106887 | ||
| 952 | |0 0 |1 0 |2 ddc |4 0 |6 _ |7 0 |9 134466 |a SMS |b SMS |c GEN |d 2010-01-02 |p SMS012657 |r 2010-01-02 |w 2010-01-02 |y BK | ||